000 00558pam a2200205 a 4500
020 _c50=00
040 _aMedical College Lib.
041 _aENG
_hENG
082 _a616.89
_bGRA
100 _aGravell, - .
245 _aSpeech & Communication Problems In Psychiatry /
_c
_hTextual Documents
260 _a :
_bChapman and Hall ,
_c1997.
300 _a152 ;
_c
365 _a50=00
653 _aPsychiatry
_aPsychiatry
_aMedical Science
700 _aFrance, Jenny .
930 _a5455
999 _c5454
_d5454